Knižnica

Saved in:
Bibliographic Details
Main Author: Pražienková, Michaela (Author)
Other Authors: Puškár, Anton (Thesis advisor)
Format: Manuscript Book
Language:Slovak
Published: 2016
Subjects:
Online Access:http://is.stuba.sk/zp/portal_zp.pl?podrobnosti=117482
https://opac.crzp.sk/?fn=detailBiblioForm&sid=41728D440EB1EF629212118922FE
Tags: Add Tag
No Tags, Be the first to tag this record!

MARC

LEADER 00000ntm a22000003a 4500
001 stuzp56292
003 SK-STU
005 20231004112236.3
007 ta
008 150427s2015----xo-----f-mn---000-0-slo-d
040 |a STU  |b slo 
041 0 |a slo 
100 1 |a Pražienková, Michaela  |u 010180  |4 aut  |U SvF Stavebná fakulta  |T SvF Katedra konštrukcií pozemných stavieb  |X 67482  |U V180  |Y 18  |7 A000067482 
242 0 1 |a Library  |y eng 
245 1 0 |a Knižnica 
260 |c 2016 
650 4 |a Knižnica  |2 slo 
650 4 |a Železobetón  |2 slo 
650 4 |a Pražienková  |2 slo 
650 4 |a Library  |2 eng 
650 4 |a Reinforced concrete  |2 eng 
650 4 |a Pražienková  |2 eng 
700 1 |a Puškár, Anton  |u 010180  |k Z1  |4 ths  |U SvF Stavebná fakulta  |T SvF Katedra konštrukcií pozemných stavieb  |X 747  |U V180  |Y 18  |7 A000000747 
856 4 |u http://is.stuba.sk/zp/portal_zp.pl?podrobnosti=117482 
856 4 |u https://opac.crzp.sk/?fn=detailBiblioForm&sid=41728D440EB1EF629212118922FE 
SQL |a stuzp56292  |b DDP  |c SLO  |d Knižnica  |e 67482  |f Pražienková, Michaela  |g 010180  |h 747  |i Puškár, Anton  |j 20160616  |k 8  |l 01  |m http://is.stuba.sk/zp/portal_zp.pl?podrobnosti=117482  |n I-AKP  |o 5.1.4. pozemné stavby